Core redevelopment, neighbourhood revitalisation and municipal government motivation (Record no. 13891)

000 -LEADER
fixed length control field 00462pab a2200145 454500
008 - FIXED-LENGTH DATA ELEMENTS--GENERAL INFORMATION
fixed length control field 180718b1987 xxu||||| |||| 00| 0 eng d
100 ## - MAIN ENTRY--PERSONAL NAME
Personal name Filion,Pierre
245 ## - TITLE STATEMENT
Title Core redevelopment, neighbourhood revitalisation and municipal government motivation
Remainder of title Twenty years of urban renewal in Quebee city
260 ## - PUBLICATION, DISTRIBUTION, ETC.
Date of publication, distribution, etc. 1987
300 ## - PHYSICAL DESCRIPTION
Extent 131-47
362 ## - DATES OF PUBLICATION AND/OR SEQUENTIAL DESIGNATION
Dates of publication and/or sequential designation Mar.
650 ## - SUBJECT ADDED ENTRY--TOPICAL TERM
Topical term or geographic name entry element Municipal government
773 ## - HOST ITEM ENTRY
Main entry heading Canadian Journal of Political Science
909 ## -
-- 13891
Holdings
Withdrawn status Lost status Damaged status Not for loan Permanent Location Current Location Date acquired Serial Enumeration / chronology Barcode Date last seen Price effective from Koha item type
        Indian Institute of Public Administration Indian Institute of Public Administration 2018-07-19 Volume no: 20, Issue no: 1 AR13934 2018-07-19 2018-07-19 Articles

Powered by Koha